000 01642nam a2200385Ia 4500
001 ebr10568025
003 CaPaEBR
006 m u
007 cr cn|||||||||
008 110728s2012 mauab sb 001 0 eng d
010 _z 2011029761
020 _z0674050479
020 _z9780674050471
020 _z9780674065239
040 _aCaPaEBR
_cCaPaEBR
035 _a(OCoLC)794004237
050 1 4 _aE185.8
_b.K215 2012eb
082 0 4 _a333.3089/96073075
_223
100 1 _aKahrl, Andrew W.,
_d1978-
245 1 4 _aThe land was ours
_h[electronic resource] :
_bAfrican American beaches from Jim Crow to the Sunbelt South /
_cAndrew W. Kahrl.
260 _aCambridge, Mass. :
_bHarvard University Press,
_c2012.
300 _a346 p. :
_bill., maps.
504 _aIncludes bibliographical references and index.
533 _aElectronic reproduction.
_bPalo Alto, Calif. :
_cebrary,
_d2011.
_nAvailable via World Wide Web.
_nAccess may be limited to ebrary affiliated libraries.
650 0 _aAfrican Americans
_xLand tenure
_zSouthern States
_xHistory.
650 0 _aLand tenure
_xSocial aspects
_zSouthern States
_xHistory.
650 0 _aCoasts
_zSouthern States
_xHistory.
650 0 _aCoasts
_xSocial aspects
_zSouthern States.
650 0 _aCoasts
_xEconomic aspects
_zSouthern States.
650 0 _aReal estate development
_zSouthern States
_xHistory.
650 0 _aReal estate development
_xSocial aspects
_zSouthern States.
655 7 _aElectronic books.
_2local
710 2 _aebrary, Inc.
856 4 0 _uhttp://site.ebrary.com/lib/rucke/Doc?id=10568025
_zAn electronic book accessible through the World Wide Web; click to view
999 _c82327
_d82327